| 000 | 01391nam0a2200349 4500 | ||
|---|---|---|---|
| 001 | RU\NLR\BIBL_A\022663624 | ||
| 005 | 20251201172257.0 | ||
| 010 |
_a978-5-04-200853-5 _93000 |
||
| 021 |
_aRU _bКН-П-25-058951 _9КН-П-25-5679 |
||
| 035 | _a(NLR Aleph) 022663624 | ||
| 090 |
_a13472195 _c13472195 |
||
| 100 | _a20251112d2025 u y0rusy50 ca | ||
| 101 | 1 |
_arus _cfre |
|
| 102 | _aRU | ||
| 105 | _aac||z|||000zb | ||
| 181 | 0 |
_ai3 _baxxe |
|
| 182 | 0 | _an | |
| 200 | 1 |
_aРальф Лорен _eот продавца галстуков до создателя модной империи _fЖером Каган _g[перевод с французского И. Ю. Наумовой] |
|
| 203 |
_aТекст _bвизуальный _cнепосредственный |
||
| 210 |
_aМосква _cЭксмо, ОДРИ _d2025 |
||
| 215 |
_a186, [1] с. _cил., портр. _d24 |
||
| 225 | 1 |
_aМода _iTruestory |
|
| 320 | _aБиблиогр.: с. 163-167 | ||
| 333 | _a16+ | ||
| 600 | 1 |
_aЛорен _bР. _f1939 _gРальф _91482690 _3RU\NLR\AUTH\66632457 |
|
| 686 | 1 | _aЩ126.63(7США)-8Лорен | |
| 700 | 1 |
_7ca _8rus _aКаган _bЖ. _f1975- _gЖером _92687385 _3RU\NLR\AUTH\770287033 |
|
| 702 | 1 |
_4280 _7ca _8rus _aЛорен _bР. _f1939- _gРальф _92687386 _3RU\NLR\AUTH\770287034 |
|
| 942 | _cBOOK | ||
| 980 | _aNB | ||